Majstrovský list. Technika práce. Prevádzková prax. Riadenie ľudí.

Nové organizačné formy. Skupinové technológie (samostatné výrobné ostrovčeky) - znaky továrne budúcnosti. Zabránenie výpadkom strojov. Koncept TPM - Total Productive Maintenance zapája do procesu údržby strojov všetkých spolupracovníkov. Porovnanie TPM a TQC (Total Quality Control). Výroky špičkovéh...

Descrizione completa

Salvato in:
Dettagli Bibliografici
Natura: Capitolo di libro
Lingua:slovacco
Soggetti:
Tags: Aggiungi Tag
Nessun Tag, puoi essere il primo ad aggiungerne!!

MARC

LEADER 00000naa a2200000 4500
001 r012910
005 20221213123213.3
041 0 |a slo 
044 |a SK 
245 1 0 |a Majstrovský list.  |b Technika práce. Prevádzková prax. Riadenie ľudí. 
520 |a Nové organizačné formy. Skupinové technológie (samostatné výrobné ostrovčeky) - znaky továrne budúcnosti. Zabránenie výpadkom strojov. Koncept TPM - Total Productive Maintenance zapája do procesu údržby strojov všetkých spolupracovníkov. Porovnanie TPM a TQC (Total Quality Control). Výroky špičkového manažéra firmy Toyota o plytvaní časom a časových stratách. Výpočet mzdovej sadzby pre pomocné práce. Výpočet krycieho príspevku. 
610 2 0 |a organizácia výroby 
610 2 0 |a technológia výroby 
610 2 0 |a skupiny pracovné 
610 2 0 |a údržba 
610 2 0 |a TPM 
610 2 0 |a TQC 
610 2 0 |a straty časové 
610 2 0 |a mzdy